[Event "Montreal Mercredi 10"]
[Site "Montreal CAN"]
[Date "2013.10.30"]
[Round "5"]
[White "Cardin, Guillaume"]
[Black "Have, Didier"]
[Result "0-1"]
[WhiteElo "2061"]
[BlackElo "1971"]
[PlyCount "96"]
[GameId "2160767909229370"]
[EventDate "2013.10.02"]
[EventType "swiss"]
[EventRounds "5"]
[EventCountry "CAN"]
[SourceTitle "EXT 2022"]
[Source "ChessBase"]
[SourceDate "2021.10.06"]
[SourceVersion "1"]
[SourceVersionDate "2021.10.06"]
[SourceQuality "1"]

1. d4 d5 2. c4 e6 3. Nf3 f5 4. g3 Nf6 5. Bg2 c6 6. O-O Bd6 7. Qc2 O-O 8. b3 Qe7 9. Nbd2 b6 10. Bb2 Ne4 11. Ne5 Bb7 12. Ndf3 Rc8 13. Rfc1 Nd7 14. Nd3 c5 15. e3 Rc7 16. Qd1 Rac8 17. dxc5 Ndxc5 18. Nf4 dxc4 19. bxc4 Rd8 20. Qc2 Bxf4 21. exf4 Nd3 22. Be5 Rcd7 23. Rf1 Qc5 24. a4 Nb4 25. Qe2 Nd2 26. Rfd1 Ne4 27. Rf1 Ba6 28. Rac1 Nd3 29. Rc2 Bxc4 30. Qe3 Qxe3 31. fxe3 Nxe5 32. Nxe5 Bxf1 33. Bxe4 Rd1 34. Bf3 Ra1 35. Kf2 Bh3 36. Bc6 h6 37. Bd7 Kh7 38. Rc7 Ra2+ 39. Ke1 a5 40. Rc6 Rxa4 41. Rxe6 Re4 42. Rxb6 Rxe3+ 43. Kf2 Rxe5 44. fxe5 Rxd7 45. Ra6 Rd5 46. e6 Re5 47. Kf3 Bg4+ 48. Kf2 Kg6 0-1

[Event "Montreal Mercredi 10"]
[Site "Montreal CAN"]
[Date "2013.10.30"]
[Round "5"]
[White "Gauthier, Luc"]
[Black "Lopez Linares, Cesar"]
[Result "0-1"]
[WhiteElo "1787"]
[BlackElo "1940"]
[PlyCount "62"]
[GameId "2160767909229372"]
[EventDate "2013.10.02"]
[EventType "swiss"]
[EventRounds "5"]
[EventCountry "CAN"]
[SourceTitle "EXT 2022"]
[Source "ChessBase"]
[SourceDate "2021.10.06"]
[SourceVersion "1"]
[SourceVersionDate "2021.10.06"]
[SourceQuality "1"]

1. e4 e6 2. d4 d5 3. e5 c5 4. c3 Nc6 5. Nf3 Qb6 6. Bd3 cxd4 7. cxd4 Bd7 8. O-O Nxd4 9. Nbd2 Nxf3+ 10. Nxf3 Ne7 11. Re1 Ng6 12. h4 Bc5 13. Qe2 Qb4 14. Bg5 h6 15. Bd2 Qg4 16. Bb5 Bc6 17. Bxc6+ bxc6 18. Rac1 Bb6 19. Rxc6 O-O 20. Be3 Ba5 21. Nd4 Qxh4 22. g3 Qh3 23. Bd2 Bb6 24. Bc3 Rac8 25. Rxc8 Rxc8 26. Rd1 h5 27. Qa6 Rc7 28. Qf1 Qg4 29. Kh2 h4 30. Qe2 Qxe2 31. Nxe2 Bxf2 0-1

[Event "Montreal Mercredi 10"]
[Site "Montreal CAN"]
[Date "2013.10.30"]
[Round "5"]
[White "Lamoureux, Yvon"]
[Black "Khudaverdian, Berj"]
[Result "1-0"]
[WhiteElo "1671"]
[BlackElo "1743"]
[PlyCount "83"]
[GameId "2160767909229374"]
[EventDate "2013.10.02"]
[EventType "swiss"]
[EventRounds "5"]
[EventCountry "CAN"]
[SourceTitle "EXT 2022"]
[Source "ChessBase"]
[SourceDate "2021.10.06"]
[SourceVersion "1"]
[SourceVersionDate "2021.10.06"]
[SourceQuality "1"]

1. d4 Nf6 2. c4 e6 3. Nf3 c5 4. d5 exd5 5. cxd5 d6 6. Nc3 g6 7. e4 Bg7 8. Be2 O-O 9. O-O Re8 10. Qc2 a6 11. a4 Nbd7 12. Bg5 h6 13. Bh4 Qc7 14. Nd2 b6 15. f4 Bb7 16. Bc4 Rab8 17. h3 Bc8 18. g4 Nh7 19. Nf3 Ndf8 20. Qd3 Ra8 21. Rae1 h5 22. f5 hxg4 23. hxg4 Nf6 24. Bxf6 Bxf6 25. g5 Be5 26. Nxe5 Rxe5 27. Qh3 Qe7 28. Qh6 gxf5 29. Rf2 f4 30. Rh2 Qxg5+ 31. Rg2 Qxg2+ 32. Kxg2 Ng6 33. Be2 Ra7 34. Bh5 Nh4+ 35. Kf2 Ng6 36. Rg1 Rxh5 37. Qxh5 Kg7 38. Ne2 Re7 39. Nxf4 Re5 40. Rg5 Rxe4 41. Rxg6+ Kf8 42. Rf6 1-0

[Event "Montreal Mercredi 10"]
[Site "Montreal CAN"]
[Date "2013.10.30"]
[Round "5"]
[White "Lebeau, Gilbert"]
[Black "Boudreau, Daniel"]
[Result "1-0"]
[WhiteElo "2023"]
[BlackElo "2067"]
[PlyCount "101"]
[GameId "2160767909229375"]
[EventDate "2013.10.02"]
[EventType "swiss"]
[EventRounds "5"]
[EventCountry "CAN"]
[SourceTitle "EXT 2022"]
[Source "ChessBase"]
[SourceDate "2021.10.06"]
[SourceVersion "1"]
[SourceVersionDate "2021.10.06"]
[SourceQuality "1"]

1. d4 Nf6 2. c4 e6 3. Nf3 Bb4+ 4. Nc3 Ne4 5. Qc2 f5 6. a3 Bxc3+ 7. bxc3 b6 8. e3 Bb7 9. Bd3 d6 10. O-O Nd7 11. Nd2 Nxd2 12. Bxd2 Qg5 13. f3 O-O 14. Rab1 Rf6 15. e4 f4 16. Qa4 Rf7 17. c5 dxc5 18. Bc4 Nf8 19. Kh1 Qh5 20. Qb3 Re8 21. a4 Rd7 22. Bxf4 cxd4 23. Rfd1 Qc5 24. cxd4 Rxd4 25. Rdc1 Qe7 26. Be5 Rd2 27. Bf4 Rd4 28. Qe3 Red8 29. Bg5 Qc5 30. Be2 Qd6 31. Bxd8 Qxd8 32. Qf4 c5 33. a5 Ng6 34. Qe3 e5 35. axb6 axb6 36. Qb3+ Kf8 37. Qxb6 Qg5 38. Qxc5+ Kg8 39. Rxb7 h5 40. Qc8+ Kh7 41. Rcc7 Nf4 42. Rxg7+ Qxg7 43. Rxg7+ Kxg7 44. Bf1 Rd1 45. Kg1 Ne2+ 46. Kf2 Nd4 47. Qc7+ Kf6 48. Qd6+ Kf7 49. Bc4+ Kg7 50. Qxe5+ Kg6 51. f4 1-0

[Event "Montreal Mercredi 10"]
[Site "Montreal CAN"]
[Date "2013.10.30"]
[Round "5"]
[White "Leveille, Francois"]
[Black "Tremblay, Alain"]
[Result "1-0"]
[WhiteElo "2342"]
[BlackElo "2078"]
[PlyCount "37"]
[GameId "2160767909229376"]
[EventDate "2013.10.02"]
[EventType "swiss"]
[EventRounds "5"]
[EventCountry "CAN"]
[SourceTitle "EXT 2022"]
[Source "ChessBase"]
[SourceDate "2021.10.06"]
[SourceVersion "1"]
[SourceVersionDate "2021.10.06"]
[SourceQuality "1"]

1. e4 d6 2. d4 Nf6 3. f3 e5 4. dxe5 dxe5 5. Qxd8+ Kxd8 6. Bc4 Ke8 7. Be3 Nbd7 8. Nd2 Bc5 9. Nf1 c6 10. a4 a5 11. Ne2 Bxe3 12. Nxe3 Nb6 13. Nc1 Ke7 14. Nd3 Nbd7 15. Nf5+ Kf8 16. Nd6 Nb6 17. Bb3 Nfd7 18. Nxf7 c5 19. Nfxe5 1-0

[Event "Montreal Mercredi 10"]
[Site "Montreal CAN"]
[Date "2013.10.30"]
[Round "5"]
[White "Levkovsky, Alexandre"]
[Black "Cloutier, Mathieu"]
[Result "0-1"]
[WhiteElo "2299"]
[BlackElo "2104"]
[PlyCount "60"]
[GameId "2160767909229377"]
[EventDate "2013.10.02"]
[EventType "swiss"]
[EventRounds "5"]
[EventCountry "CAN"]
[SourceTitle "EXT 2022"]
[Source "ChessBase"]
[SourceDate "2021.10.06"]
[SourceVersion "1"]
[SourceVersionDate "2021.10.06"]
[SourceQuality "1"]

1. e4 c5 2. Ne2 d6 3. g3 g6 4. Bg2 Bg7 5. O-O Nc6 6. c3 e5 7. d3 Nge7 8. Be3 O-O 9. Qd2 Bg4 10. h3 Be6 11. Bh6 Qd7 12. Bxg7 Kxg7 13. Kh2 d5 14. f4 f5 15. fxe5 Nxe5 16. Nf4 Bf7 17. Qe2 dxe4 18. dxe4 Bc4 19. Qe3 Bxf1 20. Bxf1 fxe4 21. Qxe4 N7c6 22. Na3 Rae8 23. Qg2 Kh8 24. Be2 Qd2 25. Rd1 Qxb2 26. Nb5 Re7 27. Rf1 Rd8 28. Rf2 Rd2 29. Nd5 Rxe2 30. Rxe2 Ng4+ 0-1

[Event "Montreal Mercredi 10"]
[Site "Montreal CAN"]
[Date "2013.10.30"]
[Round "5"]
[White "Struben, Jeroen"]
[Black "Chesnut, Walter"]
[Result "0-1"]
[WhiteElo "1676"]
[BlackElo "1638"]
[PlyCount "72"]
[GameId "2160767909229378"]
[EventDate "2013.10.02"]
[EventType "swiss"]
[EventRounds "5"]
[EventCountry "CAN"]
[SourceTitle "EXT 2022"]
[Source "ChessBase"]
[SourceDate "2021.10.06"]
[SourceVersion "1"]
[SourceVersionDate "2021.10.06"]
[SourceQuality "1"]

1. d4 d5 2. c4 c6 3. Nc3 e6 4. Nf3 Nf6 5. Bg5 Nbd7 6. e3 Qa5 7. Qc2 Ne4 8. Bd3 Nxg5 9. Nxg5 dxc4 10. Bxh7 Qxg5 11. O-O-O g6 12. h4 Qh6 13. h5 Qxh7 14. hxg6 Qg7 15. Rh7 Rxh7 16. gxh7 Qh6 17. Ne4 Nf6 18. Nxf6+ Qxf6 19. Qe4 Bg7 20. g4 Qg6 21. Qh1 Bh8 22. f4 Bd7 23. e4 O-O-O 24. f5 Qg5+ 25. Kb1 f6 26. d5 cxd5 27. exd5 exf5 28. d6 Bc6 29. Qe1 Be4+ 30. Ka1 Qxg4 31. Rc1 Rxd6 32. Qe3 Rd1 33. Qc5+ Kd7 34. Qxc4 Rxc1+ 35. Qxc1 Qh3 36. Qd2+ Qd3 0-1

[Event "Montreal Mercredi 10"]
[Site "Montreal CAN"]
[Date "2013.10.30"]
[Round "5"]
[White "Valle-Romo, Ricardo"]
[Black "Lopez Linares, Lizandro"]
[Result "1/2-1/2"]
[WhiteElo "2025"]
[BlackElo "2063"]
[PlyCount "56"]
[GameId "2160767909229379"]
[EventDate "2013.10.02"]
[EventType "swiss"]
[EventRounds "5"]
[EventCountry "CAN"]
[SourceTitle "EXT 2022"]
[Source "ChessBase"]
[SourceDate "2021.10.06"]
[SourceVersion "1"]
[SourceVersionDate "2021.10.06"]
[SourceQuality "1"]

1. Nf3 e6 2. c4 d5 3. cxd5 exd5 4. g3 Nf6 5. Bg2 Be7 6. O-O O-O 7. d4 c6 8. Nc3 Re8 9. Bg5 a5 10. Ne5 Ng4 11. Bxe7 Qxe7 12. Nd3 Nd7 13. e3 f5 14. a3 Ngf6 15. Qc2 b5 16. Rac1 Bb7 17. Rfe1 Qd6 18. b4 a4 19. Nd1 Nb6 20. Ne5 Rxe5 21. dxe5 Qxe5 22. Nb2 Nc4 23. Nd3 Qe7 24. Qa2 Bc8 25. Nc5 Ne4 26. Nxe4 fxe4 27. Rc3 Be6 28. Qc2 Qf6 1/2-1/2

[Event "Montreal Mercredi 11"]
[Site "Montreal CAN"]
[Date "2013.11.13"]
[Round "1"]
[White "Boudreau, Daniel"]
[Black "Valle-Romo, Ricardo"]
[Result "1/2-1/2"]
[WhiteElo "2058"]
[BlackElo "1995"]
[PlyCount "113"]
[GameId "2160767909216477"]
[EventDate "2013.11.13"]
[EventType "swiss"]
[EventRounds "5"]
[EventCountry "CAN"]

1. e4 Nf6 2. Nc3 d5 3. exd5 Nxd5 4. d4 Nxc3 5. bxc3 Nc6 6. Bb5 Bd7 7. Nf3 a6 8. Bd3 e6 9. O-O Be7 10. Rb1 Rb8 11. Qe2 O-O 12. Bf4 a5 13. Rfe1 Bf6 14. h4 g6 15. h5 Ne7 16. c4 b6 17. g4 Bc6 18. c3 Bxf3 19. Qxf3 Bg7 20. Qe4 Re8 21. Be5 Bxe5 22. dxe5 Nc8 23. Re3 Qg5 24. Rg3 Na7 25. Kg2 Qe7 26. Rh3 Qg5 27. Rbh1 Kf8 28. f4 Qd8 29. hxg6 hxg6 30. f5 exf5 31. gxf5 Qg5+ 32. Kf3 gxf5 33. Qxf5 Qxf5+ 34. Bxf5 Nc6 35. Kf4 Nxe5 36. Rh8+ Kg7 37. R8h7+ Kf6 38. R1h6+ Ng6+ 39. Bxg6 fxg6 40. Rxc7 Rbc8 41. Rhh7 g5+ 42. Kf3 g4+ 43. Kxg4 Re4+ 44. Kf3 Rxc4 45. Rh6+ Ke5 46. Re7+ Kd5 47. Rxb6 Rxc3+ 48. Kf4 Rf8+ 49. Kg4 Rc4+ 50. Kg5 Rf2 51. Rb5+ Kd6 52. Ra7 a4 53. a3 Rf3 54. Rb4 Rxb4 55. axb4 a3 56. Ra5 Rb3 57. Kf6 1/2-1/2

[Event "Montreal Mercredi 11"]
[Site "Montreal CAN"]
[Date "2013.11.13"]
[Round "1"]
[White "Brassard, Sylvain"]
[Black "Millette, Sylvain"]
[Result "1-0"]
[WhiteElo "1768"]
[BlackElo "1728"]
[PlyCount "77"]
[GameId "2160767909216478"]
[EventDate "2013.11.13"]
[EventType "swiss"]
[EventRounds "5"]
[EventCountry "CAN"]
[SourceTitle "EXT 2022"]
[Source "ChessBase"]
[SourceDate "2021.10.06"]
[SourceVersion "1"]
[SourceVersionDate "2021.10.06"]
[SourceQuality "1"]

1. d4 Nf6 2. Bg5 d5 3. Bxf6 exf6 4. g3 g6 5. Bg2 f5 6. e3 Bg7 7. Ne2 O-O 8. c4 c6 9. cxd5 cxd5 10. Nbc3 Be6 11. Qb3 Qd7 12. Bxd5 Nc6 13. Bxe6 fxe6 14. O-O b6 15. Rfd1 Na5 16. Qb5 Rfd8 17. Nf4 Kf7 18. Rac1 Qxb5 19. Nxb5 e5 20. dxe5 Bxe5 21. Nd3 Rd5 22. Nxe5+ Rxe5 23. Rc7+ Re7 24. Rdd7 Rxd7 25. Rxd7+ Ke6 26. Rxh7 Rc8 27. Rxa7 Rc1+ 28. Kg2 Rb1 29. Nd4+ Kf6 30. b3 Rb2 31. Ra6 Rxa2 32. Rxb6+ Kf7 33. Ra6 Ra3 34. b4 Nc4 35. Rxa3 Nxa3 36. b5 Nc4 37. Kf3 Ne5+ 38. Ke2 Ke8 39. h4 1-0

[Event "Montreal Mercredi 11"]
[Site "Montreal CAN"]
[Date "2013.11.13"]
[Round "1"]
[White "Cloutier, Mathieu"]
[Black "Have, Didier"]
[Result "0-1"]
[WhiteElo "2112"]
[BlackElo "1992"]
[PlyCount "49"]
[GameId "2160767909216479"]
[EventDate "2013.11.13"]
[EventType "swiss"]
[EventRounds "5"]
[EventCountry "CAN"]
[SourceTitle "EXT 2022"]
[Source "ChessBase"]
[SourceDate "2021.10.06"]
[SourceVersion "1"]
[SourceVersionDate "2021.10.06"]
[SourceQuality "1"]

1. e4 d5 2. d4 dxe4 3. Nc3 Nf6 4. f3 c6 5. fxe4 e5 6. Nf3 exd4 7. Nxd4 Bc5 8. Be3 Bg4 9. Qd2 O-O 10. h3 Bh5 11. g4 Bg6 12. O-O-O Bxe4 13. Bg2 Bb4 14. Bg5 Bxc3 15. bxc3 Bxg2 16. Qxg2 Qd5 17. Nf3 Qxa2 18. Bxf6 gxf6 19. g5 f5 20. Nd4 Na6 21. Nb3 Nc5 22. Nxc5 Qa3+ 23. Kb1 Qxc5 24. Rd3 Rad8 25. Re3 0-1

[Event "Montreal Mercredi 11"]
[Site "Montreal CAN"]
[Date "2013.11.13"]
[Round "1"]
[White "Cote, Philippe"]
[Black "Fortin-Lavoie, Patrice"]
[Result "0-1"]
[WhiteElo "1736"]
[BlackElo "1723"]
[PlyCount "28"]
[GameId "2160767909216480"]
[EventDate "2013.11.13"]
[EventType "swiss"]
[EventRounds "5"]
[EventCountry "CAN"]
[SourceTitle "EXT 2022"]
[Source "ChessBase"]
[SourceDate "2021.10.06"]
[SourceVersion "1"]
[SourceVersionDate "2021.10.06"]
[SourceQuality "1"]

1. e4 e5 2. f4 exf4 3. Nf3 d6 4. Bc4 Nc6 5. d4 Qf6 6. Nc3 Nge7 7. O-O Bg4 8. e5 dxe5 9. Ne4 Qg6 10. Bd3 f5 11. Qe1 Bxf3 12. Rxf3 Nxd4 13. Rf2 fxe4 14. Bxe4 Qb6 0-1

[Event "Montreal Mercredi 11"]
[Site "Montreal CAN"]
[Date "2013.11.13"]
[Round "1"]
[White "Heredia, Jose"]
[Black "Ostaci, Liviu"]
[Result "1-0"]
[WhiteElo "1858"]
[BlackElo "1707"]
[PlyCount "69"]
[GameId "2160767909216482"]
[EventDate "2013.11.13"]
[EventType "swiss"]
[EventRounds "5"]
[EventCountry "CAN"]
[SourceTitle "EXT 2022"]
[Source "ChessBase"]
[SourceDate "2021.10.06"]
[SourceVersion "1"]
[SourceVersionDate "2021.10.06"]
[SourceQuality "1"]

1. e4 e5 2. Nf3 Nc6 3. Bb5 a6 4. Ba4 Nf6 5. Qe2 d6 6. c3 Be7 7. O-O O-O 8. d3 Kh8 9. Rd1 Ne8 10. Bxc6 bxc6 11. d4 exd4 12. cxd4 Bg4 13. Nc3 d5 14. Bf4 Nf6 15. e5 Nh5 16. Be3 g6 17. h3 Bd7 18. Bh6 Re8 19. Na4 Ng7 20. Nc5 Bc8 21. Bxg7+ Kxg7 22. Rac1 f6 23. Rc3 f5 24. Rdc1 g5 25. Nd2 Rf8 26. Ra3 Kh8 27. Ndb3 f4 28. f3 h5 29. Na5 Qe8 30. Rac3 g4 31. hxg4 Qg6 32. e6 Bh4 33. Qe5+ Qf6 34. e7 Rg8 35. e8=Q 1-0

[Event "Montreal Mercredi 11"]
[Site "Montreal CAN"]
[Date "2013.11.13"]
[Round "1"]
[White "Khudaverdian, Berj"]
[Black "Jones, Christopher1"]
[Result "0-1"]
[WhiteElo "1663"]
[BlackElo "1650"]
[PlyCount "78"]
[GameId "2160767909216483"]
[EventDate "2013.11.13"]
[EventType "swiss"]
[EventRounds "5"]
[EventCountry "CAN"]
[SourceTitle "EXT 2022"]
[Source "ChessBase"]
[SourceDate "2021.10.06"]
[SourceVersion "1"]
[SourceVersionDate "2021.10.06"]
[SourceQuality "1"]

1. Nf3 d5 2. d4 Nf6 3. g3 g6 4. Bg2 Bg7 5. O-O O-O 6. b3 c5 7. Bb2 cxd4 8. Bxd4 Nc6 9. Bb2 Bf5 10. Nbd2 Qc7 11. Nh4 e5 12. Nxf5 gxf5 13. c3 Rad8 14. e3 e4 15. Qe2 Ne5 16. c4 Nd3 17. Bd4 b6 18. f3 Qe7 19. fxe4 fxe4 20. Rf5 dxc4 21. bxc4 Nc5 22. Raf1 Rd6 23. R1f4 Rxd4 24. exd4 Ne6 25. Rxf6 Bxf6 26. Rxe4 Qa3 27. Nb3 a5 28. Rg4+ Kh8 29. Qf2 Bg7 30. d5 Nc5 31. Nxc5 bxc5 32. h4 Bd4 33. Rxd4 cxd4 34. Qxd4+ Kg8 35. c5 Qxg3 36. d6 Re8 37. Qf2 Re1+ 38. Qxe1 Qxe1+ 39. Kh2 Qe5+ 0-1

[Event "Montreal Mercredi 11"]
[Site "Montreal CAN"]
[Date "2013.11.13"]
[Round "1"]
[White "Nardone, Raul"]
[Black "Destree, Frederic"]
[Result "1/2-1/2"]
[WhiteElo "1946"]
[BlackElo "1864"]
[PlyCount "78"]
[GameId "2160767909216484"]
[EventDate "2013.11.13"]
[EventType "swiss"]
[EventRounds "5"]
[EventCountry "CAN"]
[SourceTitle "EXT 2022"]
[Source "ChessBase"]
[SourceDate "2021.10.06"]
[SourceVersion "1"]
[SourceVersionDate "2021.10.06"]
[SourceQuality "1"]

1. d4 Nf6 2. Nf3 g6 3. Bg5 Bg7 4. Nbd2 d6 5. e3 O-O 6. Be2 Nbd7 7. O-O b6 8. c3 Bb7 9. b4 h6 10. Bh4 e5 11. Qb3 e4 12. Ne1 Qe8 13. Rc1 Kh8 14. Nc2 Nh7 15. Na3 a6 16. c4 Qe6 17. c5 Bd5 18. Bc4 Bxc4 19. Qxc4 d5 20. Qe2 bxc5 21. bxc5 Qc6 22. Bg3 f5 23. Nb3 Rfc8 24. Nb1 Qb5 25. Qxb5 axb5 26. c6 Nb6 27. Nc3 Nf6 28. Nxb5 Nc4 29. Nxc7 Rxa2 30. Nxd5 Nxd5 31. Rxc4 Rb2 32. Na5 Bf8 33. Nb7 Rb6 34. Rfc1 Ba3 35. Nd6 Rc7 36. Ne8 Rc8 37. Be5+ Kh7 38. Nd6 Rc7 39. Ne8 Rc8 1/2-1/2

[Event "Montreal Mercredi 11"]
[Site "Montreal CAN"]
[Date "2013.11.13"]
[Round "1"]
[White "Salazar, Andres Felipe"]
[Black "Chesnut, Walter"]
[Result "1-0"]
[WhiteElo "1680"]
[BlackElo "1633"]
[PlyCount "67"]
[GameId "2160767909216485"]
[EventDate "2013.11.13"]
[EventType "swiss"]
[EventRounds "5"]
[EventCountry "CAN"]
[SourceTitle "EXT 2022"]
[Source "ChessBase"]
[SourceDate "2021.10.06"]
[SourceVersion "1"]
[SourceVersionDate "2021.10.06"]
[SourceQuality "1"]

1. d4 d5 2. c4 c6 3. Nc3 Nf6 4. Nf3 e6 5. a3 a5 6. e3 Bd6 7. cxd5 exd5 8. h3 Bf5 9. Bd3 Bxd3 10. Qxd3 O-O 11. Bd2 Nbd7 12. O-O a4 13. Rae1 Re8 14. Bc1 Ne4 15. Qc2 Nxc3 16. bxc3 Nf6 17. Nd2 Ne4 18. Nxe4 Rxe4 19. f3 Re6 20. e4 Qe7 21. e5 Bxa3 22. Bxa3 Qxa3 23. Ra1 Qf8 24. Rxa4 b5 25. Rxa8 Qxa8 26. f4 Re7 27. f5 Ra7 28. Qc1 Qf8 29. f6 g6 30. Qe1 Qe8 31. Rf4 h6 32. Rh4 Kh7 33. Rxh6+ Kxh6 34. Qh4# 1-0

[Event "Montreal Mercredi 11"]
[Site "Montreal CAN"]
[Date "2013.11.13"]
[Round "1"]
[White "Struben, Jeroen"]
[Black "Lamoureux, Yvon"]
[Result "1-0"]
[WhiteElo "1693"]
[BlackElo "1627"]
[PlyCount "49"]
[GameId "2160767909216486"]
[EventDate "2013.11.13"]
[EventType "swiss"]
[EventRounds "5"]
[EventCountry "CAN"]
[SourceTitle "EXT 2022"]
[Source "ChessBase"]
[SourceDate "2021.10.06"]
[SourceVersion "1"]
[SourceVersionDate "2021.10.06"]
[SourceQuality "1"]

1. d4 Nf6 2. c4 e6 3. Nc3 c5 4. d5 exd5 5. cxd5 d6 6. e4 g6 7. Nf3 Bg7 8. Bf4 a6 9. a4 O-O 10. Bd3 b6 11. h3 Ra7 12. O-O Re8 13. Nd2 Nh5 14. Bh2 Bf8 15. Nc4 Rb7 16. f4 b5 17. axb5 axb5 18. Na5 Ra7 19. Bxb5 Ree7 20. Nc4 f6 21. Qf3 Ng7 22. f5 Reb7 23. fxg6 Rxa1 24. gxh7+ Kxh7 25. Rxa1 1-0

[Event "Montreal Mercredi 11"]
[Site "Montreal CAN"]
[Date "2013.11.29"]
[Round "1"]
[White "Tremblay, Alain"]
[Black "Lopez Linares, Lizandro"]
[Result "1/2-1/2"]
[WhiteElo "2076"]
[BlackElo "2055"]
[PlyCount "44"]
[GameId "2160767909216488"]
[EventDate "2013.11.13"]
[EventType "swiss"]
[EventRounds "5"]
[EventCountry "CAN"]
[SourceTitle "EXT 2022"]
[Source "ChessBase"]
[SourceDate "2021.10.06"]
[SourceVersion "1"]
[SourceVersionDate "2021.10.06"]
[SourceQuality "1"]

1. c4 e6 2. Nf3 f5 3. g3 d5 4. d4 Nf6 5. Bg2 c6 6. O-O Bd6 7. b3 Qe7 8. Bb2 O-O 9. Ne5 b6 10. Nd2 Bb7 11. Nd3 Nbd7 12. Nf3 Ne4 13. Nfe5 Bxe5 14. dxe5 dxc4 15. bxc4 c5 16. Qa4 Nb8 17. Rad1 Bc6 18. Qc2 Ng5 19. Nf4 Nf7 20. e4 fxe4 21. Bxe4 Ng5 22. Bxc6 Nxc6 1/2-1/2

[Event "Montreal Mercredi 11"]
[Site "Montreal CAN"]
[Date "2013.11.20"]
[Round "2"]
[White "Chesnut, Walter"]
[Black "Khudaverdian, Berj"]
[Result "0-1"]
[WhiteElo "1633"]
[BlackElo "1663"]
[PlyCount "68"]
[GameId "2160767909216489"]
[EventDate "2013.11.13"]
[EventType "swiss"]
[EventRounds "5"]
[EventCountry "CAN"]
[SourceTitle "EXT 2022"]
[Source "ChessBase"]
[SourceDate "2021.10.06"]
[SourceVersion "1"]
[SourceVersionDate "2021.10.06"]
[SourceQuality "1"]

1. e4 d6 2. d4 Nf6 3. Nc3 c6 4. Be3 g6 5. f3 Bg7 6. Qd2 h6 7. Nge2 Nbd7 8. g4 Qa5 9. Nd1 Qxd2+ 10. Bxd2 e5 11. c3 Nb6 12. dxe5 dxe5 13. b3 Be6 14. Ne3 O-O-O 15. O-O-O Rd7 16. Be1 Rxd1+ 17. Kxd1 Rd8+ 18. Kc2 Nfd7 19. h4 a5 20. c4 a4 21. Ba5 axb3+ 22. axb3 Re8 23. Bxb6 Nxb6 24. Nc3 Bf8 25. h5 Bc5 26. Ncd1 g5 27. Nf5 Bxf5 28. gxf5 f6 29. Nc3 Kc7 30. Na2 Ra8 31. Kb1 Bd4 32. Rh2 Ra3 33. Nc1 Ra1+ 34. Kc2 Be3 0-1

[Event "Montreal Mercredi 11"]
[Site "Montreal CAN"]
[Date "2013.11.20"]
[Round "2"]
[White "Cloutier, Mathieu"]
[Black "Tremblay, Alain"]
[Result "1/2-1/2"]
[WhiteElo "2112"]
[BlackElo "2076"]
[PlyCount "111"]
[GameId "2160767909216490"]
[EventDate "2013.11.13"]
[EventType "swiss"]
[EventRounds "5"]
[EventCountry "CAN"]
[SourceTitle "EXT 2022"]
[Source "ChessBase"]
[SourceDate "2021.10.06"]
[SourceVersion "1"]
[SourceVersionDate "2021.10.06"]
[SourceQuality "1"]

1. e4 Nf6 2. e5 Nd5 3. d4 d6 4. c4 Nb6 5. Nf3 Bg4 6. exd6 exd6 7. h3 Bh5 8. Be3 Be7 9. Bd3 Nc6 10. Nc3 Nb4 11. Be2 O-O 12. a3 Nc6 13. g4 Bg6 14. h4 f5 15. h5 Be8 16. gxf5 Rxf5 17. h6 g6 18. Qc2 Bf7 19. Rg1 Kh8 20. Nd2 d5 21. c5 Nd7 22. Bg4 Rf6 23. O-O-O Nf8 24. f4 Ne6 25. Ne2 b6 26. Nf3 bxc5 27. Ne5 Qd6 28. Bxe6 Qxe6 29. dxc5 Kg8 30. Ng4 Rf5 31. Ng3 Rf6 32. f5 Rxf5 33. Nxf5 gxf5 34. Qc3 d4 35. Rxd4 Nxd4 36. Qxd4 Kf8 37. Qh8+ Bg8 38. Qg7+ Ke8 39. Nf6+ Bxf6 40. Qxg8+ Ke7 41. Qxh7+ Qf7 42. Qxf7+ Kxf7 43. b4 Rg8 44. Kc2 a5 45. Kb3 c6 46. Kc4 axb4 47. axb4 Ra8 48. Bd4 Rh8 49. Be3 Re8 50. Rg3 f4 51. Bxf4 Re4+ 52. Kb3 Rxf4 53. b5 cxb5 54. h7 Rh4 55. c6 Be5 56. Rd3 1/2-1/2

[Event "Montreal Mercredi 11"]
[Site "Montreal CAN"]
[Date "2013.11.20"]
[Round "2"]
[White "Gauthier, Luc"]
[Black "Dumouchel, Alain"]
[Result "1/2-1/2"]
[WhiteElo "1871"]
[BlackElo "1893"]
[PlyCount "52"]
[GameId "2160767909216492"]
[EventDate "2013.11.13"]
[EventType "swiss"]
[EventRounds "5"]
[EventCountry "CAN"]
[SourceTitle "EXT 2022"]
[Source "ChessBase"]
[SourceDate "2021.10.06"]
[SourceVersion "1"]
[SourceVersionDate "2021.10.06"]
[SourceQuality "1"]

1. e4 e5 2. f4 d5 3. exd5 c6 4. Nc3 exf4 5. Nf3 Bd6 6. Bc4 Ne7 7. dxc6 Nbxc6 8. d4 O-O 9. O-O Bg4 10. Ne2 Qc7 11. Bb3 h6 12. c3 g5 13. h4 Ng6 14. Qd3 Kg7 15. hxg5 hxg5 16. Nxg5 f3 17. Rxf3 Bxf3 18. Bxf7 Bh2+ 19. Kh1 Qd6 20. Qxf3 Nd8 21. Ne4 Qe7 22. Ng5 Nxf7 23. Nxf7 Rxf7 24. Qd3 Rf1+ 25. Kxh2 Rh8+ 26. Kg3 Qh4# 1/2-1/2

[Event "Montreal Mercredi 11"]
[Site "Montreal CAN"]
[Date "2013.11.20"]
[Round "2"]
[White "Have, Didier"]
[Black "Valle-Romo, Ricardo"]
[Result "1/2-1/2"]
[WhiteElo "1992"]
[BlackElo "1995"]
[PlyCount "97"]
[GameId "2160767909216493"]
[EventDate "2013.11.13"]
[EventType "swiss"]
[EventRounds "5"]
[EventCountry "CAN"]

1. e4 c6 2. d3 g6 3. Nf3 Bg7 4. g3 d6 5. Bg2 Nf6 6. O-O O-O 7. c3 e5 8. Nbd2 Nbd7 9. Qc2 Qc7 10. d4 a5 11. a4 b6 12. Re1 c5 13. dxe5 Nxe5 14. Nxe5 dxe5 15. Nc4 Be6 16. Ne3 Ne8 17. b3 Nd6 18. Ba3 Rac8 19. Red1 Rfd8 20. Nd5 Qa7 21. c4 Bxd5 22. Rxd5 Qe7 23. Rad1 Nb7 24. Bh3 Rxd5 25. Rxd5 Rd8 26. Qd3 Rd6 27. Bb2 Qd8 28. f4 Rxd5 29. cxd5 f6 30. Be6+ Kh8 31. f5 Nd6 32. Qf3 Qe8 33. Bc1 g5 34. g4 h6 35. Qd3 Bf8 36. Qc2 Kg7 37. Kf2 b5 38. Kf3 c4 39. bxc4 Nxc4 40. Be3 Qb8 41. axb5 Qxb5 42. d6 Nxd6 43. Qc7+ Kh8 44. Qd8 Qf1+ 45. Bf2 Qd1+ 46. Kg2 Qxg4+ 47. Kf1 Qh3+ 48. Kg1 Qg4+ 49. Kf1 1/2-1/2